| 000 | 00608fam a2200181 a 4500 | ||
|---|---|---|---|
| 020 | _a0133379167 | ||
| 082 | 0 | 0 |
_a629.89 _bNIE _cL-38, P-157 |
| 100 | 1 |
_aNie, Junhong. _944476 |
|
| 245 | 1 | 0 |
_aFuzzy-neural control : _bprinciples, algorithms, and applications / _cJunhong Nie and Derek A. Linkens. |
| 260 |
_aNew York : _bPrentice Hall, _c1995. |
||
| 300 |
_axii, 243 p. : _bill. ; _c25 cm. |
||
| 526 |
_a0 _b0 _c0 _d629_890000000000000_NIE |
||
| 650 | 0 |
_aFuzzy systems. _944477 |
|
| 650 | 0 |
_aMCE _9379 |
|
| 650 | 0 |
_aNeural networks (Computer science) _918586 |
|
| 700 | 1 |
_aLinkens, D. A. _944478 |
|
| 942 |
_2ddc _cBK |
||
| 999 |
_c548256 _d548256 |
||